[Event "CHI-ch"]
[Site "Santiago"]
[Date "2024.02.24"]
[Round "8"]
[White "Vasquez Toledo, Cristian"]
[Black "Orellana Canelo, Alvaro Andres"]
[Result "0-1"]
[WhiteElo "2234"]
[BlackElo "1872"]
[PlyCount "56"]
[EventDate "2024.02.19"]
[EventType "swiss"]
[EventRounds "11"]
[EventCountry "CHI"]
[SourceTitle "CB09_2024"]
[SourceDate "2024.02.28"]
[SourceVersion "1"]
[SourceVersionDate "2024.02.28"]
[SourceQuality "1"]

1. e4 c5 2. Nf3 d6 3. d4 cxd4 4. Nxd4 Nf6 5. Nc3 a6 6. Be3 e5 7. Nb3 Be6 8. h3 Be7 9. Qf3 0-0 10. g4 a5 11. a4 Na6 12. 0-0-0 Rc8 13. g5 Nd7 14. Qg2 Rxc3 15. bxc3 Qc7 16. Kb2 Rc8 17. Bd2 Nb6 18. Ra1 d5 19. exd5 Bxd5 20. f3 Bb4 21. Kb1 Bxc3 22. Bxc3 Qxc3 23. Qd2 Qxf3 24. Kb2 Nb4 25. Be2 Nxa4+ 26. Ka3 Qc3 27. Rhc1 Nxc2+ 28. Qxc2 Qb4+ 0-1

[Event "CHI-ch"]
[Site "Santiago"]
[Date "2024.02.22"]
[Round "6"]
[White "Caceres Vasquez, Sergio"]
[Black "Orellana Canelo, Alvaro Andres"]
[Result "0-1"]
[WhiteElo "2073"]
[BlackElo "1872"]
[PlyCount "102"]
[EventDate "2024.02.19"]
[EventType "swiss"]
[EventRounds "11"]
[EventCountry "CHI"]
[SourceTitle "CB09_2024"]
[SourceDate "2024.02.28"]
[SourceVersion "1"]
[SourceVersionDate "2024.02.28"]
[SourceQuality "1"]

1. d4 d5 2. c4 c6 3. cxd5 cxd5 4. Bf4 Nf6 5. Nc3 Nc6 6. e3 Bf5 7. Qb3 Na5 8. Qa4+ Bd7 9. Qc2 e6 10. Nf3 Rc8 11. Bd3 Bb4 12. 0-0 0-0 13. Rfc1 a6 14. Ne5 Bb5 15. Bxb5 axb5 16. Qd3 Bxc3 17. Rxc3 Nc4 18. b3 b4 19. Rcc1 Nd6 20. Rxc8 Nxc8 21. Qd2 Qa5 22. Nd3 Na7 23. Qxb4 Qxb4 24. Nxb4 Rc8 25. f3 Rc3 26. Re1 Nc6 27. Nxc6 Rxc6 28. Re2 Nh5 29. Bb8 Kf8 30. Kf2 Rc1 31. Bd6+ Ke8 32. a4 Kd7 33. Ba3 Rb1 34. Rb2 Ra1 35. Bc5 Nf6 36. Bb6 Kc6 37. a5 Rc1 38. b4 Kb5 39. Bc5 Nd7 40. Be7 Nb8 41. Ke2 Nc6 42. Bc5 Rc4 43. Kd2 Nxb4 44. Bb6 Ka6 45. e4 Nc6 46. exd5 exd5 47. Kd3 Rb4 48. Rc2 Rxb6 49. axb6 Nb4+ 50. Kc3 Nxc2 51. Kxc2 Kxb6 0-1

[Event "CHI-ch"]
[Site "Santiago"]
[Date "2024.02.22"]
[Round "5"]
[White "Orellana Canelo, Alvaro Andres"]
[Black "Avalos Parra, Joao"]
[Result "1/2-1/2"]
[WhiteElo "1872"]
[BlackElo "2178"]
[PlyCount "79"]
[EventDate "2024.02.19"]
[EventType "swiss"]
[EventRounds "11"]
[EventCountry "CHI"]
[SourceTitle "CB09_2024"]
[SourceDate "2024.02.28"]
[SourceVersion "1"]
[SourceVersionDate "2024.02.28"]
[SourceQuality "1"]

1. d4 e6 2. c4 b6 3. Nf3 Bb7 4. g3 f5 5. Bg2 Bb4+ 6. Nbd2 Nf6 7. 0-0 0-0 8. Qc2 Bxd2 9. Bxd2 Be4 10. Qb3 Nc6 11. Bc3 Qe8 12. Rad1 Ne7 13. Bb4 d6 14. Ng5 Bxg2 15. Kxg2 Nc6 16. d5 exd5 17. cxd5 Nxb4 18. Qxb4 Qxe2 19. h3 Qh5 20. Ne6 Rf7 21. f3 Qh6 22. Rfe1 g5 23. Qd2 f4 24. gxf4 gxf4 25. Qxf4 Rg7+ 26. Kf2 Qxf4 27. Nxf4 Rg5 28. Re7 Rf5 29. Ne6 Re8 30. Rg1+ Kh8 31. Rxe8+ Nxe8 32. Rd1 Kg8 33. Ke3 c5 34. f4 Nf6 35. Rg1+ Kh8 36. Rg5 Rxd5 37. a3 Rxg5 38. fxg5 Nd7 39. Ke4 Ne5 40. b3 1/2-1/2

[Event "CHI-chT"]
[Site "Chile"]
[Date "2023.11.09"]
[Round "6.4"]
[White "Orellana Canelo, Alvaro Andres"]
[Black "Villarroel Herrera, Evanss"]
[Result "1-0"]
[WhiteElo "1868"]
[BlackElo "1495"]
[PlyCount "41"]
[EventDate "2023.11.07"]
[EventType "team-tourn"]
[EventRounds "7"]
[EventCountry "CHI"]
[SourceTitle "CB46_2023"]
[SourceDate "2023.11.15"]
[SourceVersion "1"]
[SourceVersionDate "2023.11.15"]
[SourceQuality "1"]
[WhiteTeam "UCH"]
[BlackTeam "USM (V)"]
[WhiteTeamCountry "CHI"]
[BlackTeamCountry "CHI"]

1. d4 Nf6 2. c4 g6 3. Nc3 d5 4. cxd5 Nxd5 5. e4 Nxc3 6. bxc3 Bg7 7. Nf3 0-0 8. Be2 c5 9. 0-0 Nc6 10. Be3 Qa5 11. d5 Ne5 12. Nd2 f5 13. Nb3 Qc7 14. Bxc5 fxe4 15. d6 exd6 16. Bxd6 Qxc3 17. Bxf8 Bxf8 18. Rc1 Qb2 19. Rc2 Qa3 20. Qd5+ Nf7 21. Rc7 1-0

[Event "CHI-chT"]
[Site "Chile"]
[Date "2023.11.08"]
[Round "3.4"]
[White "Cruz Leiva, Kamila Ignacia"]
[Black "Orellana Canelo, Alvaro Andres"]
[Result "0-1"]
[WhiteElo "1400"]
[BlackElo "1868"]
[PlyCount "98"]
[EventDate "2023.11.07"]
[EventType "team-tourn"]
[EventRounds "7"]
[EventCountry "CHI"]
[SourceTitle "CB46_2023"]
[SourceDate "2023.11.15"]
[SourceVersion "1"]
[SourceVersionDate "2023.11.15"]
[SourceQuality "1"]
[WhiteTeam "PUC"]
[BlackTeam "UCH"]
[WhiteTeamCountry "CHI"]
[BlackTeamCountry "CHI"]

1. d4 d5 2. Nf3 Nf6 3. g3 c6 4. Bg2 Bf5 5. 0-0 h6 6. b3 e6 7. c4 Be7 8. Bb2 0-0 9. Nbd2 Nbd7 10. Ne5 a5 11. Re1 Nxe5 12. dxe5 Nd7 13. e4 dxe4 14. Nxe4 Nc5 15. Ba3 Bxe4 16. Bxe4 Nxe4 17. Bxe7 Qxe7 18. Rxe4 Rfd8 19. Rd4 Rxd4 20. Qxd4 c5 21. Qg4 Qc7 22. Rd1 Qxe5 23. Rd7 Qa1+ 24. Kg2 Qxa2 25. Qf3 Rf8 26. Qxb7 a4 27. bxa4 Qxa4 28. Rc7 Qxc4 29. Qc6 Qd5+ 30. Qxd5 exd5 31. Rxc5 Rd8 32. Kf3 Kf8 33. Rc7 Ke8 34. Ke3 Rd7 35. Rc8+ Ke7 36. Kd4 Kf6 37. f3 h5 38. Rc5 Ke6 39. h3 Kf5 40. f4 h4 41. gxh4 Kxf4 42. h5 Kg5 43. h6 Kxh6 44. Rxd5 Rxd5+ 45. Kxd5 Kg5 46. Ke4 Kh4 47. Kf5 Kxh3 48. Kg5 f6+ 49. Kf5 g5 0-1